Mr. Blue Sky, By ELO Lyrics - Statistics

General Stats
  • This quiz has been taken 104 times
  • The average score is 210 of 277
Answer Stats
Answer % Correct
a
100%
A
100%
blue
99%
Blue
99%
(blue)
99%
sky
99%
Sky
99%
(sky)
99%
the
99%
is
97%
Mr.
97%
Mr
97%
you
97%
You
97%
in
92%
to
92%
There
90%
there
90%
Sun
88%
we
88%
do
86%
for
86%
be
85%
cloud
85%
day
85%
so
85%
(so
85%
why
85%
where
84%
Where
84%
long
82%
long)
82%
shinin'
82%
go
81%
Hey
81%
hey
81%
please
81%
Please
81%
tell
81%
us
81%
away
79%
it
79%
sight
79%
ain't
78%
did
78%
had
77%
It's
75%
rainin'
75%
See
75%
see
75%
hide
74%
today
73%
Everybody
71%
And
70%
On
70%
on
70%
with
68%
wrong
68%
stopped
67%
know
66%
beautiful
63%
don't
62%
waitin
62%
what
60%
your
60%
human
59%
Welcome
59%
We're
59%
how
58%
race
58%
at
56%
here
56%
Look
56%
right
56%
around
55%
his
55%
Night
55%
pretty
55%
up
55%
Now
53%
this
53%
face
52%
hand
52%
over
52%
shoulder
52%
way
52%
down
51%
Oh
51%
avenue
49%
we've
49%
city
48%
I'll
48%
remember
48%
But
47%
comes
47%
shines
47%
Never
45%
new
45%
was
45%
brightly
44%
living
44%
streets
44%
waited
44%
once
42%
Runnin'
42%
smiles
42%
creepin'
41%
pleased
41%
skies
41%
mind
40%
Sky's
38%
play
37%
soon
36%
pity
32%
Morning
30%
calls
27%
celebration
26%
forecast
26%
Today's
26%
light
14%
everbody's
3%
No matching quizzes found
Score Distribution
Percent of People with Each Score
Percentile by Number Answered
Your Score History
You have not taken this quiz